Ignorancia, sometimiento, capitalismo a lo salvaje y perversión en el nacimiento y el seguimiento de la reforma neoliberal en salud /
সংরক্ষণ করুন:
| প্রধান লেখক: | |
|---|---|
| বিন্যাস: | পাঠ্য |
| বিষয়গুলি: | |
| ট্যাগগুলো: |
ট্যাগ যুক্ত করুন
কোনো ট্যাগ নেই, প্রথমজন হিসাবে ট্যাগ করুন!
|
MARC
| LEADER | 00000 a a2200000 04500 | ||
|---|---|---|---|
| 001 | 41412 | ||
| 003 | |||
| 040 | |||
| 100 | |a Selva Sutter, Ernesto A. | ||
| 245 | |a Ignorancia, sometimiento, capitalismo a lo salvaje y perversión en el nacimiento y el seguimiento de la reforma neoliberal en salud / |c Ernesto A. Selva Sutter | ||
| 650 | |a SISTEMA DE SALUD/REFORMA ADMINISTRATIVA/NEOLIBERALISMO/PRIVATIZACION/DESIGUALDAD SOCIAL/EL SALVADOR | ||
| 773 | |g número111 ( , 2006), páginas 47-87 | ||
| 999 | |c 28820 |d 28820 | ||
